000 00798cam a2200253 i 4500
003 DO-SdBNP
005 20231004151123.0
007 ta
008 751003s2018 sp o 000 f spa d
020 _a9788408182634
040 _aDO-SdBNP
_bspa
_cBNPHU
_erda
082 _bC753a
_222
100 1 _aConquero, Dolores
_984353
245 1 0 _aAmores contra el tiempo :
_bellas los amaron más jóvenes /
_cDolores Conquero
264 1 _aBarcelona, España :
_bPlaneta,
_c2018.
300 _a379 páginas
_c24 cm.
336 _2rdacontent
_atexto
_btxt
337 _2rdamedia
_asin mediación
_bn
338 _2rdacarrier
_avolumen
_bnc
500 _aIncluye datos biográficos de la autora en la solapa de la portada.
590 _aInventariado, 2023/ YL
910 _aYlockward
942 _2ddc
_cLBS1
999 _c55081
_d55081